Wireless telegraphy : (Record no. 183020)
[ view plain ]
| 000 -LEADER | |
|---|---|
| fixed length control field | 01088 a2200193 4500 |
| 003 - CONTROL NUMBER IDENTIFIER | |
| control field | Nust |
| 005 - DATE AND TIME OF LATEST TRANSACTION | |
| control field | 20221219132140.0 |
| 040 ## - CATALOGING SOURCE | |
| Transcribing agency | Nust |
| 082 ## - DEWEY DECIMAL CLASSIFICATION NUMBER | |
| Classification number | 621.383,CRO |
| 100 ## - MAIN ENTRY--PERSONAL NAME | |
| Personal name | Crook, W. E., comp. |
| 9 (RLIN) | 105214 |
| 245 ## - TITLE STATEMENT | |
| Title | Wireless telegraphy : |
| Remainder of title | notes for students (covering the post-master-general’s air licence for W/T operators) / |
| Statement of responsibility, etc. | compiled by W. E. Crook ... |
| 250 ## - EDITION STATEMENT | |
| Edition statement | 3rd ed |
| 260 ## - PUBLICATION, DISTRIBUTION, ETC. | |
| Place of publication, distribution, etc. | London, |
| Name of publisher, distributor, etc. | Sir I. Pitman & sons, ltd., |
| Date of publication, distribution, etc. | 1942 |
| 300 ## - PHYSICAL DESCRIPTION | |
| Extent | vii, 189 p |
| Other physical details | illus |
| Dimensions | diagrs |
| Accompanying material | 22 cm |
| 505 ## - FORMATTED CONTENTS NOTE | |
| Formatted contents note | Wireless Communication (Pag-1), Electricity (Page-5), Inductance (Page-17), Capacity (Page-27), Alternating Currents (Page-34), The Oscillatory Circuit (Page-56), The Thermionic Valve (Page-64), Transmission (Page-83), Radio Telephony (Page-95), Amplifiers (Page-102), Selectivity (Page-117), Aerial Systems (Page-128), Direction Finding (Page-138), Instruments (Page-155), Power Supplies (Page-164), Short Wave Apparatus (Page-182), The Aircraft Installations (Page-189). |
| 600 ## - SUBJECT ADDED ENTRY--PERSONAL NAME | |
| Personal name | Crook, W. E., comp. |
| 9 (RLIN) | 105214 |
| 650 ## - SUBJECT ADDED ENTRY--TOPICAL TERM | |
| Topical term or geographic name entry element | Telecommunication Engineering |
| 942 ## - ADDED ENTRY ELEMENTS (KOHA) | |
| Source of classification or shelving scheme | |
| Koha item type | Book |
| Withdrawn status | Lost status | Source of classification or shelving scheme | Damaged status | Not for loan | Permanent Location | Current Location | Shelving location | Date acquired | Full call number | Barcode | Date last seen | Price effective from | Koha item type | Public note |
|---|---|---|---|---|---|---|---|---|---|---|---|---|---|---|
| Military College of Signals (MCS) | Military College of Signals (MCS) | General Stacks | 12/12/2016 | 621.383,CRO | MCS7256 | 12/08/2016 | 12/12/2016 | Book | Almirah No.38, Shelf No.2 |
